| 000 | 00951nam a22002177a 4500 | ||
|---|---|---|---|
| 005 | 20210325192426.0 | ||
| 008 | s2542 th tha d | ||
| 041 | _atha | ||
| 090 | _aว KF21 ช149ข 2542 | ||
| 100 | 0 | _aชนิกา นาคบุตร | |
| 245 | 1 | 0 | _aเขตอำนาจของรัฐและปัญหากฎหมายเกี่ยวกับสิทธิสภาพนอกอาณาเขต |
| 260 | 3 |
_aกรุงเทพฯ : _bมหาวิทยาลัยธรรมศาสตร์, _c2542 |
|
| 300 |
_a184 หน้า ; _b 30 ซม. |
||
| 650 | 0 | 4 | _aกฎหมายระหว่างประเทศ -- วิจัย |
| 650 | 0 | 4 | _aสิทธิสภาพนอกอาณาเขต |
| 650 | 0 | 4 | _aเขตอำนาจรัฐ -- วิจัย |
| 850 | _aNALT | ||
| 942 |
_cRSH _01 |
||
| 997 |
_c000000000031529 _kVC |
||
| 998 | _aSOPAPORN | ||
| 999 |
_c31529 _d31529 |
||